000
00285nam a2200121Ia 4500
008
190216s9999||||xx |||||||||||||| ||und||
100
_a
Bartle
245
4
_a
The Elements Of Real Analysis
260
_b
John Wiley & Sons
_c
1964
300
_a
479p
650
_a
Mathematics
942
_c
BK
999
_c
30589
_d
30589